Statistiques concernant Les 8 Langages de Programmation les Plus Utilisés

Cliquez ici pour prendre le quiz!

Statistiques générales

  • Ce quiz a été pris 128 fois
  • Le résultat moyen est 5 sur 8

Statistiques - réponses

CréationLangage% Correct
1985Java
91%
1991Python
91%
1985C++
90%
2002C#
90%
1995JavaScript
59%
1994PHP
44%
2014Swift
17%
2019Kotlin
12%

Distribution des résultats

Percentile par nombre de réponses

% des personnes avec chaque résultat

Votre développement - résultats

Vous n’avez pas pris ce quiz